La Victoria : carta topográfica /
Carta topográfica de la región circundante a La Victoria, San Luis Potosí. Cubre, al norte, la Sierra del Tecolote y la Sierra el Bozal; al sur, el tanque El Gavino; al este, el Rancho La Minera, y al oeste, La Merced.
محفوظ في:
| مؤلف مشترك: | |
|---|---|
| التنسيق: | خريطة |
| الطبعة: | 2a edición |
| سلاسل: | (Carta Topográfica)
|
| الموضوعات: | |
| الوسوم: |
لا توجد وسوم, كن أول من يضع وسما على هذه التسجيلة!
|
MARC
| LEADER | 00000nem^a2200000^a^4500 | ||
|---|---|---|---|
| 001 | 000147858 | ||
| 005 | 20250521000000.0 | ||
| 009 | 20260310100001.996 | ||
| 037 | |a Acervo ITESO - Biblioteca | ||
| 041 | |a GRA | ||
| 093 | |a F-14-A-22 | ||
| 110 | |a Instituto Nacional de Estadística, Geografía e Informática | ||
| 240 | 1 | 1 | |a [La Victoria, materiales cartográficos] |
| 245 | 1 | 0 | |a La Victoria : |b carta topográfica / |c INEGI. |
| 250 | |a 2a edición | ||
| 255 | |a Escala 1 : 50 000 ; |b Proyección Universal Transversa de Mercator | ||
| 264 | |a Aguascalientes, México : |b Instituto Nacional de Estadística, Geografía e Informática, Dirección General de Geografía, |c 2002 | ||
| 300 | |a 1 mapa | ||
| 336 | |a imagen cartográfica estática |b cri |2 rdacontenido | ||
| 337 | |a sin mediación |b n |2 rdamedio | ||
| 338 | |a mapa |b nz |2 rdasoporte | ||
| 440 | 1 | |a (Carta Topográfica) | |
| 520 | |a Carta topográfica de la región circundante a La Victoria, San Luis Potosí. Cubre, al norte, la Sierra del Tecolote y la Sierra el Bozal; al sur, el tanque El Gavino; al este, el Rancho La Minera, y al oeste, La Merced. | ||
| 522 | |a Carta formada por métodos fotogramétricos a partir de fotografías obtenidas en mayo de 1999 | ||
| 522 | |a Cartas adyacentes: F14A11, F14A12, F14A13, F14A21, F14A23, F14A31, F14A32, F14A33 | ||
| 546 | |a Edición gráfica con texto en español | ||
| 649 | |a XX | ||
| 650 | |a Topografía - |z México | ||
| 650 | |a Sierra del Tecolote | ||
| 650 | |a Sierra El Bozal | ||
| 650 | |a La Victoria, San Luis Potosí - |x Mapas | ||
| 650 | |a La Merced, San Luis Potosí - |x Mapas | ||
| 650 | |a El Bozal, San Luis Potosí - |x Mapas | ||
| 650 | |a Rancho de la Minera, San Luis Potosí - |x Mapas | ||
| 650 | |a San Luis Potosí - |x Mapas | ||
| 650 | |a Zacatecas - |x Mapas | ||
| 650 | |a México - |x Mapas | ||
| 910 | |a Fondo General | ||
| 920 | |a Gráficos - Mapas | ||
| 905 | |a 503 | ||
| 901 | |a 0500047624 |b IT2 |c MAP |u 20250521 | ||
| 901 | |a 0900072616 |b IT2 |c MAP |u 20250521 | ||
| 902 | |a https://opac.biblio.iteso.mx/vufind/Record/000147858 | ||